Días y noches en Villa Deseada

Remberto Latorre Vásquez (diseñador teatral, investigador y dramaturgo), vuelve a la literatura, esta vez presentando su nuevo libro “Días y Noches en Villa Deseada”, El texto, editado por Ediciones Investigación Cultura y Desarrollo (Ediciones ICD) y el Centro Religioso y Cultural San Pedro y San...

Full description

Bibliographic Details
Main Author: Latorre Vásquez, Remberto 1939-
Format: Libro
Language:Spanish
Published: Chillan Viejo: Ediciones Investigación Cultural y Desarrollo, Centro Religioso y Cultural San Pedro y San Pablo de Rengo, 2012.
Series:Narrativa ; Serie Choroy
Subjects:
Online Access:

MARC

LEADER 00000cam a22000007a 4500
003 UAHC
005 20180831182300.0
008 180824s2012 cl ||||| |||| 00| 0 spa d
952 |0 0  |1 0  |2 ddc  |4 0  |6 CH_862_000000000000000_LAT  |7 0  |8 COMP  |9 90506  |a BC  |b BC  |c General  |d 2018-08-27  |e Donación  |g 6000.00  |l 0  |o Ch862 LAT  |p 1443139  |r 2025-11-26 00:00:00  |t c.1  |v 6000.00  |w 2018-08-27  |y BK  |B EGEN 
999 |c 51086  |d 51086 
020 |a 9789569159015 
035 |a CENTRAL 
040 |a UAHC_CL  |c UAHC_CL  |d UAHC_CL 
082 |2 21  |b L358  |a Ch862 
100 |9 4592  |a Latorre Vásquez, Remberto  |d 1939- 
245 |a Días y noches en Villa Deseada  |c Remberto Latorre Vásquez. 
260 |a Chillan Viejo:  |b Ediciones Investigación Cultural y Desarrollo,  |b Centro Religioso y Cultural San Pedro y San Pablo de Rengo,  |c 2012. 
300 |a 113 p. 
440 |9 2432  |a Narrativa  |v ; Serie Choroy 
520 |a Remberto Latorre Vásquez (diseñador teatral, investigador y dramaturgo), vuelve a la literatura, esta vez presentando su nuevo libro “Días y Noches en Villa Deseada”, El texto, editado por Ediciones Investigación Cultura y Desarrollo (Ediciones ICD) y el Centro Religioso y Cultural San Pedro y San Pablo, consta de tres partes, que emulan de alguna manera el relato bíblico, en una obra de profunda reflexión teológica, dando cuenta de una pluma fina, desafiante y ecléctica, que transita por diferentes géneros. Así, la primera parte del libro, da cuenta del errante transitar de Adán y Eva, en un diálogo cercano al surrealismo y con influencias del teatro del absurdo (Antiguo Testamento). El intermedio (segunda parte) corresponde a un auto sacramental, en que un peregrino acompañado de cuatro ángeles hará un importante descubrimiento y será testigo de un magnífico y sacro acontecimiento. La tercera parte, que es también la más extensa y propiamente narrativa del texto, da cuenta del diario andar y hacer de un sacerdote católico, el padre Miguel, en el ejercicio de su ministerio. Esta pieza se corresponde al Nuevo Testamento. Así, “Días y Noches en Villa Deseada” se convierte en la pieza más mística de la ya extensa bibliografía de Remberto Latorre, volviendo a este lugar imaginado (Villa Deseada) que se inspira en el Rengo de su niñez, y el cual está presente en otras de sus anteriores obras. 
650 0 |9 2177  |a Dramas chilenos 
650 0 |9 2920  |a Teatro  |z Chile 
942 |2 ddc  |c BK